G7 Leaders Since 2003 - Statistics

General Stats
  • This quiz has been taken 46,304 times
    4,787 since last reset
  • The average score is 22 of 45
Answer Stats
Country Year Leader % Correct
United States 2009–2017 Barack Obama
98%
United States 2017–2021, 2025– Donald Trump
98%
United States 2021–2025 Joe Biden
98%
United States 2001–2009 George W. Bush
97%
France 2017– Emmanuel Macron
94%
Canada 2015–2025 Justin Trudeau
94%
Germany 2005–2021 Angela Merkel
93%
United Kingdom 2019–2022 Boris Johnson
90%
United Kingdom 1997–2007 Tony Blair
80%
United Kingdom 2024– Keir Starmer
79%
United Kingdom 2016–2019 Theresa May
77%
United Kingdom 2010–2016 David Cameron
75%
United Kingdom 2022–2024 Rishi Sunak
75%
Italy 2001–2006, 2008–2011 Silvio Berlusconi
71%
Italy 2022– Giorgia Meloni
70%
United Kingdom 2022 Liz Truss
70%
Japan 2006–2007, 2012–2020 Shinzō Abe
70%
France 2007–2012 Nicolas Sarkozy
63%
Germany 2021–2025 Olaf Scholz
62%
Canada 2025– Mark Carney
59%
United Kingdom 2007–2010 Gordon Brown
58%
France 2012–2017 François Hollande
56%
France 1995–2007 Jacques Chirac
50%
Germany 2025– Friedrich Merz
49%
Germany 1998–2005 Gerhard Schröder
36%
Canada 2006–2015 Stephen Harper
31%
Italy 2021–2022 Mario Draghi
26%
Italy 2018–2021 Giuseppe Conte
20%
Canada 1993–2003 Jean Chrétien
20%
Italy 2014–2016 Matteo Renzi
19%
Japan 2025– Sanae Takaichi
19%
Canada 2003–2006 Paul Martin
16%
Japan 2021–2024 Fumio Kishida
15%
Italy 2011–2013 Mario Monti
15%
Italy 2006–2008 Romano Prodi
15%
Italy 2013–2014 Enrico Letta
12%
Japan 2024–2025 Shigeru Ishiba
12%
Japan 2020–2021 Yoshihide Suga
12%
Japan 2001–2006 Junichirō Koizumi
11%
Italy 2016–2018 Paolo Gentiloni
11%
Japan 2010–2011 Naoto Kan
10%
Japan 2008–2009 Tarō Asō
10%
Japan 2011–2012 Yoshihiko Noda
9%
Japan 2009–2010 Yukio Hatoyama
9%
Japan 2007–2008 Yasuo Fukuda
8%
No matching quizzes found
Score Distribution
Percent of People with Each Score
Percentile by Number Answered
Your Score History
You have not taken this quiz since the last reset